For a sociology of reconciliation and conflict: an ascending ethic of reconciliation? /
সংরক্ষণ করুন:
| প্রধান লেখক: | |
|---|---|
| বিন্যাস: | পাঠ্য |
| ট্যাগগুলো: |
ট্যাগ যুক্ত করুন
কোনো ট্যাগ নেই, প্রথমজন হিসাবে ট্যাগ করুন!
|
MARC
| LEADER | 00000 a a2200000 04500 | ||
|---|---|---|---|
| 001 | 45299 | ||
| 003 | |||
| 040 | |||
| 100 | |a Trimikliniotis, Nicos | ||
| 245 | |a For a sociology of reconciliation and conflict: |b an ascending ethic of reconciliation? / |c Nicos Trimikliniotis | ||
| 500 | |a nicostrim@gmail.com | ||
| 773 | |g volumen59, número5 (2011), páginas 600-603 | ||
| 999 | |c 20435 |d 20435 | ||
